Vista normal Vista MARC
  • Campos de Queirós, Bartolomeu,

Entrada Nombre Personal

Número de registros utilizados en: 8

001 - NUMERO DE CONTROL

  • campo de control: 30796

003 - IDENTIFICADOR DE NUMERO DE CONTROL

  • campo de control: UPN

005 - FECHA Y HORA DE LA ÜLTIMA TRANSACCIÓN

  • campo de control: 20210219194417.0

008 - DATOS DE LONGITUD FIJA

  • campo de control de longitud fija: nabaccnnaabn|||||||||| b |nc|||||d

035 ## - NUMERO DE CONTROL

  • Número de control: UPN11000002902

040 ## - FUENTE DE CATALOGACIÓN

  • Lenguaje de catalogación: SPA
  • Agencia de transcripción: UPN

053 #4 - NÚMERO DE CLASIFICACIÓN LC

  • Número de clasificación elemento-número único o número inicial de tramo: PQ9698.27 A4.6

100 1# - ENCABEZAMIENTO - NOMBRE PERSONAL

  • Nombre personal: Campos de Queirós, Bartolomeu,
  • Fechas asociadas con el nombre: 1944-2012

400 1# - VEÁSE - NOMBRE DE PERSONA

  • Personal name: Queirós, Bartolomeu Campos de,
  • Dates associated with a name: 1944-2012

400 1# - VEÁSE - NOMBRE DE PERSONA

  • Personal name: Campos Queirós, Bartolomeu,
  • Dates associated with a name: 1944-2012

670 ## - FUENTE EN LA QUE SE LOCALIZARON DATOS

  • Cita de la fuente: T/P
  • Información localizada: Wikipedia

680 ## - NOTA PUBLICA DE ACCESO PÚBLICO

  • Frase explicativa de la referencia: Escritor brasileño

902 ## - CATALOGADOR

  • Catalogador: CAA/110211